Advances in services innovations: with 106 figures and 11 tables (Record no. 1130)

000 -LEADER
fixed length control field 00547nam a22001937a 4500
003 - CONTROL NUMBER IDENTIFIER
control field OSt
005 - DATE AND TIME OF LATEST TRANSACTION
control field 20140116120846.0
008 - FIXED-LENGTH DATA ELEMENTS--GENERAL INFORMATION
fixed length control field 130326b xxu||||| |||| 00| 0 eng d
020 ## - INTERNATIONAL STANDARD BOOK NUMBER
International Standard Book Number 9783642067549
040 ## - CATALOGING SOURCE
Original cataloging agency LoC
Language of cataloging English
050 ## - LIBRARY OF CONGRESS CALL NUMBER
Classification number HD9980.5.A38 2007
100 ## - MAIN ENTRY--PERSONAL NAME
Personal name Spath, D.
245 ## - TITLE STATEMENT
Title Advances in services innovations: with 106 figures and 11 tables
Statement of responsibility, etc Spath, D. and Fahnrich, P. (ed..)
260 ## - PUBLICATION, DISTRIBUTION, ETC. (IMPRINT)
Place of publication, distribution, etc Germany
Name of publisher, distributor, etc Springer
Date of publication, distribution, etc 2007
300 v# - PHYSICAL DESCRIPTION
Extent v.; 311pgs
Other physical details ill.
501 ## - WITH NOTE
With note includes an index
700 ## - ADDED ENTRY--PERSONAL NAME
Personal name fahnrich, K.
942 ## - ADDED ENTRY ELEMENTS (KOHA)
Source of classification or shelving scheme
Koha item type Book
Holdings
Withdrawn status Lost status Source of classification or shelving scheme Damaged status Not for loan Home library Current library Date acquired Total Checkouts Full call number Barcode Date last seen Date checked out Copy number Price effective from Koha item type
          Riara University Library Riara University Library 26/03/2013 1 HD9980.5.A38 2007 3901/13 30/05/2013 16/05/2013 C.1 26/03/2013 Book
          Riara University Library Riara University Library 28/03/2013   HD9980.5.A38 2007 3902/13 28/03/2013   C.2 28/03/2013 Book
          Riara University Library Riara University Library 28/03/2013   HD9980.5.A38 2007 3903/13 28/03/2013   C.3 28/03/2013 Book

Riara University Library,
P.O. Box 49940-00100,
Nairobi, Kenya.